| 000 | 00851nam a2200289 a 4500 | ||
|---|---|---|---|
| 003 | AR-BaBNM | ||
| 005 | 20251128210309.0 | ||
| 008 | 082120s2002 ||||||||||||||000 | spa|| | ||
| 020 | _a85-249-0721-5 | ||
| 040 | _cAR-BaBNM | ||
| 245 | 1 | 0 |
_aSupervisâo educacional para uma escola de qualidade _bda formaçâo a açâo |
| 260 |
_aSan Pablo _bCortez _c1999 |
||
| 300 | _a260 p. | ||
| 500 | _aContiene datos sobre los autores p. 255-260 | ||
| 504 | _aContiene bibliografía al final de cada capítulo | ||
| 650 | 4 | _aINSPECTORES | |
| 650 | 4 | _aORGANIZACION ESCOLAR | |
| 651 | 4 | _aBrasil | |
| 651 | 4 | _aArgentina | |
| 653 | _aGESTION EDUCATIVA | ||
| 653 | _aREFORMA EDUCATIVA | ||
| 653 | _aPLANEAMIENTO EDUCATIVO | ||
| 700 | 1 | _aFerreira, Naura Syria Carapeto | |
| 700 | 1 |
_aValenzuela, Sandra _etraductor |
|
| 942 | _cBK | ||
| 998 | _cRaquel | ||
| 999 |
_c14840 _d14840 |
||